| 000 | 05315cam a22019334i 4500 | ||
|---|---|---|---|
| 003 | PE-LiUPU | ||
| 005 | 20250813165932.0 | ||
| 008 | 150706s2008 mx a r 000 0 spa d | ||
| 020 | _a9702612845 | ||
| 020 | _a9789702612841 | ||
| 035 | _a(Sirsi) i9789702612841 | ||
| 040 |
_aPE-LiUPU _bspa _cPE-LiUPU _erda |
||
| 041 | 1 |
_aspa _heng |
|
| 049 | _aPRUA | ||
| 082 | 0 | 4 |
_a658.827 _bL22 _221 |
| 082 | 0 | 4 |
_a658.4012 _bL22 2008 _221 |
| 100 | 1 |
_aLane Keller, Kevin, _eautor. |
|
| 245 | 1 | 0 |
_aAdministración estratégica de marca branding / _cKevin Lane Keller ; revisión técnica: Roberto Garza-Castilló Cantú. |
| 250 | _aTercera edición. | ||
| 264 | 1 |
_aMéxico : _bPearson Educación, _c2008. |
|
| 300 |
_a692 páginas : _bilustraciones ; _c20 centimetros |
||
| 336 |
_atext _2rdacontent |
||
| 337 |
_aunmediated _2rdamedia |
||
| 338 |
_avolume _2rdacarrier |
||
| 505 | 0 | _aPerspectivas de apertura -- Identificación y establecimiento del posicionamiento y valores de la marca -- Planeación e implementación de programas de marketing de la marca -- Medición e interpretación del desempeño de la marca -- Crecimiento y sustentabilidad del valor capital de la marca -- Perspectivas finales. | |
| 526 | _aP203 | ||
| 526 | _aP200 | ||
| 526 | _aSEG65 | ||
| 526 | _aSEG64 | ||
| 526 | _aSEG63 | ||
| 526 | _aSEG62 | ||
| 526 | _aSEG61 | ||
| 526 | _aSEG60 | ||
| 526 | _aSEG59 | ||
| 526 | _aSEG58 | ||
| 526 | _aSEG57 | ||
| 526 | _aSEG56 | ||
| 526 | _aSEG55 | ||
| 526 | _aSEG54 | ||
| 526 | _aSEG53 | ||
| 526 | _aSEG52 | ||
| 526 | _aSEG51 | ||
| 526 | _aSEG50 | ||
| 526 | _aSEG49 | ||
| 526 | _aSEG48 | ||
| 526 | _aSEG47 | ||
| 526 | _aSEG46 | ||
| 526 | _aSEG24 | ||
| 526 | _aSEG23 | ||
| 526 | _aSEG22 | ||
| 526 | _aSEG21 | ||
| 526 | _aSEG20 | ||
| 526 | _aSEG19 | ||
| 526 | _aSEG18 | ||
| 526 | _aSEG17 | ||
| 526 | _aSEG16 | ||
| 526 | _aSEG14 | ||
| 526 | _aSEG13 | ||
| 526 | _aSEG12 | ||
| 526 | _aSEG11 | ||
| 526 | _aSEG10 | ||
| 526 | _aSEG09 | ||
| 526 | _aSEG06 | ||
| 526 | _aSEG05 | ||
| 526 | _aSEG04 | ||
| 526 | _aSEG03 | ||
| 526 | _aSEG02 | ||
| 526 | _aSEG68 | ||
| 526 | _aSEG66 | ||
| 526 | _aSEG45 | ||
| 526 | _aSEG25 | ||
| 526 | _aSEG01 | ||
| 526 | _aP163 | ||
| 526 | _aP162 | ||
| 526 | _aP161 | ||
| 526 | _aP160 | ||
| 526 | _aP159 | ||
| 526 | _aP158 | ||
| 526 | _aP157 | ||
| 526 | _aP156 | ||
| 526 | _aP155 | ||
| 526 | _aP154 | ||
| 526 | _aP153 | ||
| 526 | _aP152 | ||
| 526 | _aP151 | ||
| 526 | _aP150 | ||
| 526 | _aP149 | ||
| 526 | _aP142 | ||
| 526 | _aP141 | ||
| 526 | _aP140 | ||
| 526 | _aP139 | ||
| 526 | _aP138 | ||
| 526 | _aP137 | ||
| 526 | _aP132 | ||
| 526 | _aP131 | ||
| 526 | _aP130 | ||
| 526 | _aP126 | ||
| 526 | _aP125 | ||
| 526 | _aP124 | ||
| 526 | _aP123 | ||
| 526 | _aP115 | ||
| 526 | _aP122 | ||
| 526 | _aP121 | ||
| 526 | _aP116 | ||
| 526 | _a P114 | ||
| 526 | _aP112 | ||
| 526 | _aP111 | ||
| 526 | _aP104 | ||
| 526 | _aP103 | ||
| 526 | _aP102 | ||
| 526 | _aP101 | ||
| 526 | _aP100 | ||
| 526 | _aP96 | ||
| 526 | _aP95 | ||
| 526 | _aP93 | ||
| 526 | _aP92 | ||
| 526 | _aP91 | ||
| 526 | _aP88 | ||
| 526 | _aP83 | ||
| 526 | _aP82 | ||
| 526 | _aP79 | ||
| 526 | _aP78 | ||
| 526 | _aP75 | ||
| 526 | _aP74 | ||
| 526 | _aP71 | ||
| 526 | _aP69 | ||
| 526 | _a P51 | ||
| 526 | _aP49 | ||
| 526 | _aP48 | ||
| 526 | _aP47 | ||
| 526 | _aP33 | ||
| 526 | _aP31 | ||
| 526 | _a P30 | ||
| 526 | _aP29 | ||
| 526 | _aP27 | ||
| 526 | _aP26 | ||
| 526 | _aP25 | ||
| 526 | _aP24 | ||
| 526 | _a P22 | ||
| 526 | _aP10 | ||
| 526 | _aP09 | ||
| 526 | _a P08 | ||
| 526 | _aP06 | ||
| 526 | _aP05 | ||
| 526 | _aP04 | ||
| 526 | _aP01 | ||
| 534 |
_pTitulo original : _tStrategic Brand Management. |
||
| 541 | _g030-0014456; | ||
| 541 | _g002-014792; | ||
| 650 | 1 | 4 |
_aProductos de marca _xAdministración. |
| 910 |
_agl _cng _d20130717 |
||
| 910 |
_btqv _crmch _d20160712 |
||
| 910 |
_adbm _bncf _cncf _d20190509 |
||
| 942 |
_2ddc _cBOOK |
||
| 949 |
_a658.827 L22 _wDEWEY _c1 _i68102 _lCCODEBUL1 _mBUL _p39.00 _r0 _sY _tBOOK _u2015-7-6 _xFCE _PP04 _o.STAFF. Colección Ciencias Empresariales |
||
| 949 |
_a658.827 L22 _wDEWEY _c2 _i68829 _lCCODEBUL1 _mBUL _p33.00 _r0 _sY _tBOOK _u2015-7-6 _xFCE _PP04 _o.STAFF. Colección Ciencias Empresariales |
||
| 949 |
_a658.4012 L22 2008 _wDEWEY _c1 _iFJ00840 _lCCODEBUJ1 _mBUJ _p39.00 _r0 _sY _tBOOK _u2016-7-12 _xFCE _PP04 _o.STAFF. Colección General Juliaca |
||
| 994 |
_aC0 _bPEPRU |
||
| 596 | _a1 3 | ||
| 999 |
_a658.827 L22 _wDEWEY _c55542 _i68102 _d55542 _e2020-1-27 _f2021-11-8 _g6 _lCCODEBUL1 _mBUL _n4 _p39.00 _q1 _r0 _sY _tBOOK _u2015-7-6 _xFCE _PP04 _0COMPRA _o.STAFF. Colección Ciencias Empresariales |
||
| 999 |
_a658.827 L22 _wDEWEY _c2 _i68829 _d2019-8-14 _e2018-9-18 _f2021-11-8 _g6 _lCCODEBUL1 _mBUL _n7 _p33.00 _q3 _r0 _sY _tBOOK _u2015-7-6 _xFCE _PP04 _0COMPRA _o.STAFF. Colección Ciencias Empresariales |
||
| 999 |
_a658.4012 L22 2008 _wDEWEY _c1 _iFJ00840 _d2019-7-11 _f2022-2-1 _g4 _lCCODEBUJ1 _mBUJ _p39.00 _q5 _r0 _sY _tBOOK _u2016-7-12 _xFCE _PP04 _0COMPRA _o.STAFF. Colección General Juliaca |
||
| 980 |
_81 _gALBERTO SANCHEZ Responsable de Automatización |
||